| 000 | 01932cam a2200421 i 4500 | ||
|---|---|---|---|
| 001 | 19420346 | ||
| 003 | OSt | ||
| 005 | 20251208163952.0 | ||
| 008 | 161228s2017 ilu b 101 0 eng | ||
| 010 | _a 2016058922 | ||
| 020 |
_a9780830851638 _qpbk. : alk. paper |
||
| 035 | _a19420346 | ||
| 040 |
_aDLC _beng _cDLC _erda _dDLC |
||
| 042 | _apcc | ||
| 043 | _ae------ | ||
| 050 | 0 | 0 |
_aBS447.5.E85 _bW49 2017 |
| 082 | 0 | 0 |
_a220.094 _223 |
| 111 | 2 |
_aWheaton Theology Conference _n(25th : _d2016 : _cWheaton College, Ill.) |
|
| 245 | 1 | 4 |
_aThe people's book : _bthe Reformation and the Bible / _cedited by Jennifer Powell McNutt and David Lauber. |
| 264 | 1 |
_aDowners Grove, Illinois : _bIVP Academic, and imprint of InterVarsity Press, _c[2017] |
|
| 300 |
_aix, 244 pages ; _c23 cm |
||
| 336 |
_atext _btxt _2rdacontent |
||
| 337 |
_aunmediated _bn _2rdamedia |
||
| 338 |
_avolume _bnc _2rdacarrier |
||
| 504 | _aIncludes bibliographical references and indexes. | ||
| 505 | 0 | _aAccess and Readership -- Transmission and Worship -- Protestant-Catholic Dialogue -- The People's Book Yesterday and Today. | |
| 630 | 0 | 0 |
_aBible _xHistory _vCongresses. |
| 650 | 0 |
_aReformation _vCongresses. |
|
| 651 | 0 |
_aEurope _xChurch history _y16th century _vCongresses. |
|
| 655 | 7 |
_aConference papers and proceedings. _2lcgft _0https://id.loc.gov/authorities/genreForms/gf2014026068 |
|
| 700 | 1 |
_aMcNutt, Jennifer Powell, _eeditor. |
|
| 700 | 1 |
_aLauber, David, _d1966- _eeditor. |
|
| 776 | 0 | 8 |
_iOnline version: _aWheaton Theology Conference (25th : 2016 : Wheaton College, Ill.) _tPeople's book _dDowners Grove, IL : InterVarsity Press, 2017 _z9780830891771 _w(DLC) 2017000030 |
| 906 |
_a7 _bcbc _corignew _d1 _eecip _f20 _gy-gencatlg |
||
| 942 |
_2lcc _cBK |
||
| 999 |
_c20975 _d20974 |
||